| 000 | 00717nam a2200217 a 4500 | ||
|---|---|---|---|
| 999 |
_c5303 _d5303 |
||
| 001 | 5303 | ||
| 003 | BD-JhCC | ||
| 005 | 20171213131012.0 | ||
| 008 | 171212s2013 bg ||||| |||| 00| 0 ben d | ||
| 035 | _a(BD-JhCC)5303 | ||
| 040 |
_aBD-JhCC _dBD-JhCC |
||
| 041 | _aben | ||
| 082 |
_a 515.3 _bASR 1993 |
||
| 100 | _aআশরাফ, মোহাম্মদ আলী | ||
| 245 |
_aডিফারেন্সিয়াল ক্যালকুলাস পরিচয় / _c মোহাম্মদ আলী আশরাফ |
||
| 260 |
_aঢাকা : _bবাংলা একাডেমী, _c1978. |
||
| 300 |
_a546 p. : _c21 cm. |
||
| 650 | _aDifferential Calculus | ||
| 942 |
_2ddc _cBK |
||